000 00299nam a22001337a 4500
008 170403b xxu||||| |||| 00| 0 eng d
020 _a9781897676516
041 _aeng
080 _a574
100 _a9
101 _aSHM
245 _aBIOTECNOLOGY IN THE FEED IDUSTRY
_cLYONS.T.P
942 _2udc
_cBK
999 _c9475
_d9475